Statistics for Obfuscations of Celebrated Oracular Utterings Part 3

Click here to take the quiz!

General Stats

  • This quiz has been taken 332 times
  • The average score is 5 of 10

Answer Stats

HintAnswer% Correct
Where there are visible vapors having their provenience in ignited carbonaceous materials, there will be also observed conflagration.Where there's smoke, there's fire.
74%
Male cadavers are incapable of yielding testimony.Dead men tell no tales.
61%
A small, one-eyed steel instrument used at the crucial moment may rescue the square of three.A stitch in time saves nine.
58%
When the humidity attains the bursting point it does so profusely.When it rains, it pours.
55%
To depart from the path of rectitude is characteristic of the human species, but to be tolerant, loving and kind toward wrongdoers is Godlike.To err is human, to forgive is divine.
48%
Unwanted egotism prophesies the speedy effect of the force of gravity.Pride comes before a fall.
44%
Accelerated execution often produces faulty results.Haste makes waste.
41%
It hath been deemed unwise to calculate upon the quantity of junior poultry prior to the completion of proper incubation.Don't count your eggs before they hatch.
39%
Sorting on the part of mendicants must be interdicted.Beggars can't be choosers.
23%
The person presenting the ultimate cachinnation possesses thereby the optimal cachinnation.He who laughs last laughs best.
21%

Score Distribution

Percentile by Number Answered

Percent of People with Each Score

Your Score History

You have not taken this quiz